000 00648nam a2200169 a 4500
008 120416s1984 ||||||||||||||||| || u
020 _a0070533490
050 _aHF 5549.5.C67 Han
100 _aRock, Milton L
245 1 0 _aHandbook of wage and salary administration
_cedited by Milton L. Rock
250 _a2nd.ed
260 _aNew York
_bMcGraw-Hill
_c1984
300 _aVarious pagination : ill
350 _a0.00
650 _aCOMPENSATION MANAGEMENT--HANDBOOKS, MANUALS, ETC
995 _D0.00
_FCBU-MAIN LIBRARY (Kitwe)
_H1
_I47.95
_M1
_UAVAILABLE
_ZMain Library Open Access Collection
999 _c45337
_d45337